| 000 | 00450pam a2200169 a 4500 | ||
|---|---|---|---|
| 020 | _a0070612528 (acidfree paper) | ||
| 040 | _cDLC | ||
| 082 | 0 | 0 | _a573 MCG 1996 A035 Or. |
| 100 | 1 | _aStein, Philip L. | |
| 245 | 1 | 0 | _aPhysical anthropology / |
| 250 | _a6th ed. | ||
| 260 |
_aNew York : _bMcGraw-Hill, _cc1996. |
||
| 300 |
_axvi, 586 p. : _bill. (some col.) ; _c26 cm. |
||
| 650 | 0 | _aPhysical anthropology. | |
| 700 | 1 | _aRowe, Bruce M. | |
| 942 | _cEK | ||
| 999 |
_c12596 _d12596 |
||